Si no está roto, rómpalo : (Registro nro. 30728)
[ vista simple ]
| 000 -LEADER | |
|---|---|
| fixed length control field | 01347cam a2200349 i 4500 |
| 001 - CONTROL NUMBER | |
| control field | 30728 |
| 003 - CONTROL NUMBER IDENTIFIER | |
| control field | Mx-PuUPA |
| 005 - DATE AND TIME OF LATEST TRANSACTION | |
| control field | 20251024115602.0 |
| 008 - FIXED-LENGTH DATA ELEMENTS--GENERAL INFORMATION | |
| fixed length control field | 140415s1993 ck gr 000 0 spa d |
| 020 ## - INTERNATIONAL STANDARD BOOK NUMBER | |
| International Standard Book Number | 9580421153 |
| 040 ## - CATALOGING SOURCE | |
| Transcribing agency | Mx-PuUPA |
| Original cataloging agency | Mx-PuUPA |
| Language of cataloging | spa |
| Modifying agency | Mx-PuUPA |
| Description conventions | rda |
| 041 1# - LANGUAGE CODE | |
| Language code of text/sound track or separate title | spa |
| Language code of original | eng |
| 100 1# - MAIN ENTRY--PERSONAL NAME | |
| Personal name | Kriegel, Robert J., |
| Relator term | autor |
| 9 (RLIN) | 17621 |
| 240 1# - UNIFORM TITLE | |
| Uniform title | If it ain't broke, break it. |
| Language of a work | Español |
| 245 10 - TITLE STATEMENT | |
| Title | Si no está roto, rómpalo : |
| Remainder of title | ideas no convencionales para un mundo de negocios cambiante / |
| Statement of responsibility, etc. | Robert J. Kriegel y Louis Patler, traducción, Gloria Rosas |
| 264 #1 - PRODUCTION, PUBLICATION, DISTRIBUTION, MANUFACTURE, AND COPYRIGHT NOTICE | |
| Place of production, publication, distribution, manufacture | Bogotá, Colombia : |
| Name of producer, publisher, distributor, manufacturer | Editorial Norma, |
| Date of production, publication, distribution, manufacture, or copyright notice | ©1993 |
| 300 ## - PHYSICAL DESCRIPTION | |
| Extent | 358 páginas ; |
| Dimensions | 22 cm |
| 336 ## - CONTENT TYPE | |
| Fuente | rdacontent |
| Content type term | texto |
| Content type code | txt |
| 337 ## - MEDIA TYPE | |
| Source | rdamedia |
| Media type term | sin medio |
| Media type code | n |
| 338 ## - CARRIER TYPE | |
| Source | rdacarrier |
| Carrier type term | volumen |
| Carrier type code | nc |
| 490 0# - SERIES STATEMENT | |
| Series statement | Desarrollo Gerencial |
| 650 #7 - SUBJECT ADDED ENTRY--TOPICAL TERM | |
| Source of heading or term | armarc |
| Topical term or geographic name entry element | Éxito en los negocios |
| 650 #7 - SUBJECT ADDED ENTRY--TOPICAL TERM | |
| Source of heading or term | armarc |
| Topical term or geographic name entry element | Estres laboral |
| 650 #7 - SUBJECT ADDED ENTRY--TOPICAL TERM | |
| Source of heading or term | armarc |
| Topical term or geographic name entry element | Cambio organizacional |
| 700 1# - ADDED ENTRY--PERSONAL NAME | |
| Personal name | Patler, Louis, |
| Relator term | autor |
| 700 1# - ADDED ENTRY--PERSONAL NAME | |
| Personal name | Rosas, Gloria, |
| Relator term | traductor |
| 765 0# - ORIGINAL LANGUAGE ENTRY | |
| Main entry heading | Kriegel, Robert J., |
| Place, publisher, and date of publication | New York, NY : Warner Books, ©1991 |
| Title | If it ain't broke, break it. |
| 942 ## - ADDED ENTRY ELEMENTS (KOHA) | |
| Source of classification or shelving scheme | Dewey Decimal Classification |
| Koha item type | Libro |
| Classification part | 658.4063 |
| Item part | K2518 |
| Withdrawn status | Lost status | Source of classification or shelving scheme | Damaged status | Not for loan | Collection code | Home library | Current library | Shelving location | Date acquired | Source of acquisition | Total Checkouts | Full call number | Barcode | Date last seen | Price effective from | Koha item type |
|---|---|---|---|---|---|---|---|---|---|---|---|---|---|---|---|---|
| Dewey Decimal Classification | General | Biblioteca Karol Wojtyla | Biblioteca Karol Wojtyla | Sala general | 03/12/2013 | Compra | 658.4063 K2518 1993 | 62033 | 05/01/2026 | 03/12/2013 | Libro | |||||
| Dewey Decimal Classification | General | Tehuacán | Tehuacán | Sala general | 03/12/2013 | Compra | 658.4063 KRI | 505282 | 08/01/2025 | 03/12/2013 | Libro |